[Event "Kishinev ULIM Cup"]
[Site "Kishinev"]
[Date "2005.10.15"]
[Round "8"]
[White "Postolache, Sergei"]
[Black "Chirpii, Alexandru"]
[Result "1-0"]
[WhiteElo "1896"]
[BlackElo "1969"]
[PlyCount "111"]
[EventDate "2005.10.08"]
[EventType "swiss"]
[EventRounds "9"]
[EventCountry "MDA"]
[SourceTitle "CBM 108 Extra"]
[Source "ChessBase"]
[SourceDate "2005.11.04"]
[SourceVersion "1"]
[SourceVersionDate "2005.11.04"]
[SourceQuality "1"]

1. d4 b5 2. e4 Bb7 3. Bd3 e6 4. Nf3 c5 5. c3 c4 6. Bc2 Nf6 7. e5 Nd5 8. 0-0 Be7 9. Nbd2 Nc6 10. Ne4 a5 11. Nfg5 g6 12. Qf3 f5 13. exf6 Nxf6 14. Nxf6+ Bxf6 15. Ne4 0-0 16. Nxf6+ Qxf6 17. Qxf6 Rxf6 18. Bg5 Rf7 19. Rad1 b4 20. Rfe1 Na7 21. Re5 Bd5 22. Be4 Bxe4 23. Rxe4 bxc3 24. bxc3 Nb5 25. Bd2 Nd6 26. Ree1 Rb8 27. Rb1 Rxb1 28. Rxb1 Ne4 29. Be1 d5 30. f3 Nd6 31. Rb6 Nf5 32. Rxe6 Rb7 33. g4 Ng7 34. Ra6 Rb1 35. Kf1 a4 36. Rxa4 Ne6 37. Kf2 g5 38. Bd2 Rb2 39. Ke1 Rb1+ 40. Ke2 Rh1 41. Ra5 Rxh2+ 42. Kd1 Rh1+ 43. Kc2 Rf1 44. Rxd5 h6 45. Rf5 Kg7 46. d5 Nc5 47. d6 Nd7 48. a4 Ra1 49. a5 Ra2+ 50. Kc1 Nf6 51. Rc5 Kf7 52. Rxc4 Rxa5 53. Rd4 Ke6 54. c4 Ra3 55. f4 Nxg4 56. d7 1-0